Normal view
MARC view
- David, Park
Entry Personal Name
001 - CONTROL NUMBER
- control field: 103998
003 - CONTROL NUMBER IDENTIFIER
- control field: NUST
005 - DATE AND TIME OF LATEST TRANSACTION
- control field: 20221202114410.0
008 - FIXED-LENGTH DATA ELEMENTS
- fixed length control field: 221202|| aca||aabn | a|a d
040 ## - CATALOGING SOURCE
- Original cataloging agency: NUST
- Transcribing agency: NUST
100 ## - HEADING--PERSONAL NAME
- Personal name: David, Park
670 ## - SOURCE DATA FOUND
- Source citation: Work cat.: (NUST)193608: David, Park, Contemporary physics / , 1964
